[Event "Specialiste-Tch2"]
[Site "Montreal CAN"]
[Date "1986.10.09"]
[Round "3"]
[White "Barbeau, Sylvain"]
[Black "Bolduc, Steve"]
[Result "1-0"]
[WhiteElo "2356"]
[BlackElo "2285"]
[PlyCount "100"]
[EventDate "1986.09.18"]
[EventType "team"]
[EventRounds "5"]
[EventCountry "CAN"]

1. g3 e5 2. Bg2 d6 3. c4 Nf6 4. Nc3 g6 5. Nf3 Bg7 6. O-O O-O 7. d4 Nc6 8. d5
Ne7 9. c5 Ne8 10. cxd6 Nxd6 11. Qb3 b5 12. a4 bxa4 13. Rxa4 Bd7 14. Ra6 Qb8 15.
Qa2 Nef5 16. Nd2 Nd4 17. e3 Nc2 18. Qb3 Nb4 19. Ra5 Qb6 20. Qa3 f5 21. b3 e4
22. Bb2 Nd3 23. Ba1 Rfb8 24. Ne2 Bf8 25. Bd4 c5 26. Bxc5 Nb5 27. Bxb6 Bxa3 28.
Bd4 Nxd4 29. Nxd4 Bb4 30. Ra2 Bc3 31. Rc2 Bxd4 32. exd4 Rb5 33. d6 Rd8 34. Ra1
a6 35. Rc3 Rd5 36. Rxd3 Bb5 37. Nc4 R5xd6 38. Rd2 Rxd4 39. Rxd4 Rxd4 40. Bf1 g5
41. Ne3 f4 42. Nc4 h5 43. Be2 h4 44. Rd1 Rxd1+ 45. Bxd1 Bxc4 46. bxc4 Kf7 47.
Bc2 hxg3 48. hxg3 Kf6 49. gxf4 gxf4 50. Bxe4 Kg5 1-0

[Event "Quebec Int."]
[Site "Montreal CAN"]
[Date "1986.??.??"]
[Round "2"]
[White "Sax, Gyula"]
[Black "Barbeau, Sylvain"]
[Result "1-0"]
[WhiteElo "2585"]
[BlackElo "2285"]
[PlyCount "99"]
[EventDate "1986.07.31"]
[EventType "tourn"]
[EventRounds "9"]
[EventCountry "CAN"]

1. e4 c6 2. d4 d5 3. Nd2 dxe4 4. Nxe4 Nd7 5. Bc4 Ngf6 6. Ng5 e6 7. Qe2 Nb6 8.
Bd3 h6 9. N5f3 c5 10. dxc5 Bxc5 11. Bd2 O-O 12. O-O-O Nbd7 13. Nh3 Qc7 14. g4
e5 15. Bc3 Bd6 16. g5 e4 17. gxf6 exd3 18. Qd2 Nxf6 19. Bxf6 Bxh3 20. Rhg1 g6
21. Qxd3 Bf4+ 22. Kb1 Rfc8 23. Nh4 Bg5 24. Nxg6 Bxf6 25. Nf4+ Kh8 26. Nxh3 Qb6
27. Qb3 Qxb3 28. axb3 Rd8 29. Nf4 Rxd1+ 30. Rxd1 Rd8 31. Nd5 Be5 32. h3 Rd6 33.
Rd3 Re6 34. c3 Bd6 35. Ne3 Rf6 36. Ng4 Rg6 37. Rd5 Kg7 38. Kc2 Re6 39. Kd3 Be7
40. Rd7 Rd6+ 41. Rxd6 Bxd6 42. Ke4 Kg6 43. Ne3 Kg5 44. b4 Bc7 45. b5 h5 46. Nf5
Kf6 47. f3 Bb8 48. f4 Bc7 49. c4 b6 50. b4 1-0

[Event "Quebec Int."]
[Site "Montreal CAN"]
[Date "1986.??.??"]
[Round "4"]
[White "Pelts, Roman"]
[Black "Barbeau, Sylvain"]
[Result "1/2-1/2"]
[WhiteElo "2425"]
[BlackElo "2285"]
[PlyCount "124"]
[EventDate "1986.07.31"]
[EventType "tourn"]
[EventRounds "9"]
[EventCountry "CAN"]

1. d4 Nf6 2. c4 e6 3. g3 d5 4. Nf3 c5 5. Bg2 Nc6 6. O-O dxc4 7. Qa4 cxd4 8.
Nxd4 Qxd4 9. Bxc6+ Bd7 10. Rd1 Qxd1+ 11. Qxd1 Bxc6 12. Be3 Ng4 13. Qc1 h5 14.
h3 O-O-O 15. Na3 Bxa3 16. bxa3 Nxe3 17. Qxe3 Rd5 18. Kf1 Rhd8 19. Ke1 g6 20.
Rc1 Rd4 21. f3 Bb5 22. Qg5 R4d5 23. Qe7 R8d7 24. Qf8+ Kc7 25. a4 Ba6 26. g4
hxg4 27. hxg4 g5 28. Rc2 f5 29. gxf5 exf5 30. Qg8 f4 31. Kf2 Rd8 32. Qg7+ Kb8
33. Qf6 Re8 34. Qg6 Red8 35. Rc1 Rc5 36. Qf6 Rcd5 37. Rh1 Rc8 38. Rh8 Rxh8 39.
Qxh8+ Kc7 40. Qf6 Rc5 41. Qe7+ Kc6 42. Qf6+ Kc7 43. Qc3 b6 44. Ke1 Bc8 45. Kd2
Bd7 46. a5 Rd5+ 47. Ke1 Rxa5 48. Qxc4+ Rc5 49. Qa6 Kb8 50. Qd3 Bc6 51. Qh7 a5
52. Kd2 Bb7 53. Qe7 Ka7 54. Ke1 Rd5 55. Qe8 b5 56. a3 Kb6 57. e4 fxe3 58. Qxe3+
Rc5 59. Qd4 Kc6 60. Qf6+ Kc7 61. Qe7+ Kb6 62. Qe6+ Kc7 1/2-1/2

[Event "Quebec Int."]
[Site "Montreal CAN"]
[Date "1986.??.??"]
[Round "5"]
[White "Barbeau, Sylvain"]
[Black "Schroer, Jonathan"]
[Result "1/2-1/2"]
[WhiteElo "2285"]
[BlackElo "2455"]
[PlyCount "59"]
[EventDate "1986.07.31"]
[EventType "tourn"]
[EventRounds "9"]
[EventCountry "CAN"]

1. d4 Nf6 2. c4 c5 3. Nf3 cxd4 4. Nxd4 b6 5. Nc3 Bb7 6. Bg5 a6 7. e4 Nxe4 8.
Nxe4 Bxe4 9. Qe2 Bg6 10. g4 f6 11. Bg2 Ra7 12. Bh4 e6 13. O-O Bc5 14. Rad1 Qc8
15. a3 O-O 16. b4 Bxd4 17. Rxd4 Nc6 18. Rd6 Ne5 19. Rd4 Rc7 20. Bg3 Rxc4 21.
Bxe5 Rc2 22. Qe1 fxe5 23. Qxe5 Qc3 24. Qd6 Qxa3 25. Qxb6 Bd3 26. Rxd7 Bxf1 27.
Qxe6+ Kh8 28. Rxg7 Kxg7 29. Qe7+ Rf7 30. Qg5+ 1/2-1/2

[Event "Quebec Int."]
[Site "Montreal CAN"]
[Date "1986.??.??"]
[Round "6"]
[White "Barbeau, Sylvain"]
[Black "Spraggett, Kevin"]
[Result "0-1"]
[WhiteElo "2285"]
[BlackElo "2525"]
[PlyCount "122"]
[EventDate "1986.07.31"]
[EventType "tourn"]
[EventRounds "9"]
[EventCountry "CAN"]

1. d4 e6 2. c4 f5 3. Nf3 Nf6 4. g3 Be7 5. Bg2 O-O 6. O-O Ne4 7. Ne1 d5 8. f3
Nf6 9. cxd5 exd5 10. Nd3 Nc6 11. Be3 Kh8 12. Nc3 Be6 13. Rc1 Bg8 14. Ne5 Bd6
15. Nxc6 bxc6 16. Qd2 Nh5 17. f4 Nf6 18. h3 Qe8 19. Bf2 Be6 20. e3 Rg8 21. Kh1
h6 22. Qe2 g5 23. Rg1 Rg7 24. Rc2 a5 25. Be1 a4 26. Nb1 Bd7 27. Bf1 Qe4+ 28.
Bg2 Qe6 29. Bf3 Re8 30. Bf2 Ne4 31. Be1 Reg8 32. Rg2 gxf4 33. gxf4 Rxg2 34.
Bxg2 Ng3+ 35. Bxg3 Rxg3 36. Rc3 Bxf4 37. Qf2 Bd6 38. Nd2 Rg7 39. Nf1 Qg6 40.
Qf3 Qg5 41. Rc2 Qh4 42. Rf2 Rf7 43. Re2 Rf8 44. Qf2 Qxf2 45. Rxf2 Rb8 46. Kg1
Rb4 47. Rd2 f4 48. Kf2 Bf5 49. h4 Bb1 50. a3 Rb3 51. exf4 Bxf4 52. Re2 Bd3 53.
Re6 Rxb2+ 54. Kg1 Rc2 55. Rf6 Bc1 56. Ng3 Bxa3 57. Rxh6+ Kg7 58. Re6 Bd6 59.
Nh5+ Kf7 60. Rf6+ Ke7 61. Bh3 Bh2+ 0-1

[Event "Quebec Int."]
[Site "Montreal CAN"]
[Date "1986.??.??"]
[Round "7"]
[White "Georgiev, Kiril"]
[Black "Barbeau, Sylvain"]
[Result "1-0"]
[WhiteElo "2535"]
[BlackElo "2285"]
[PlyCount "63"]
[EventDate "1986.07.31"]
[EventType "tourn"]
[EventRounds "9"]
[EventCountry "CAN"]

1. e4 c6 2. c4 d5 3. exd5 cxd5 4. cxd5 Nf6 5. Bb5+ Nbd7 6. Nc3 a6 7. Qa4 Rb8 8.
Bxd7+ Bxd7 9. Qb3 b5 10. d4 Qa5 11. Bg5 Rb6 12. Bxf6 gxf6 13. Nge2 h5 14. O-O
Rg8 15. Ne4 Bh6 16. d6 b4 17. dxe7 Re6 18. Nc5 Rxe2 19. Qd5 Rxe7 20. Nxd7 Qxd5
21. Nxf6+ Kd8 22. Nxd5 Rb7 23. Rfe1 Rg6 24. Re5 Rb5 25. Rae1 Bg5 26. f4 Bh4 27.
g3 Kd7 28. Rxh5 Bd8 29. Rf5 Kd6 30. Ne3 Bb6 31. Nc4+ Kc6 32. Ne5+ 1-0

[Event "Quebec Int."]
[Site "Montreal CAN"]
[Date "1986.??.??"]
[Round "8"]
[White "Barbeau, Sylvain"]
[Black "Williams, Leo"]
[Result "1-0"]
[WhiteElo "2285"]
[BlackElo "2285"]
[PlyCount "71"]
[EventDate "1986.07.31"]
[EventType "tourn"]
[EventRounds "9"]
[EventCountry "CAN"]

1. d4 Nf6 2. c4 c5 3. Nf3 cxd4 4. Nxd4 b6 5. Nc3 Bb7 6. Bg5 d6 7. Bxf6 gxf6 8.
e4 Nc6 9. Nxc6 Bxc6 10. Qh5 Qd7 11. f4 f5 12. exf5 Bg7 13. Qh3 Bxc3+ 14. Qxc3
O-O-O 15. Qc2 e5 16. O-O-O Qe7 17. Re1 Rhg8 18. Rg1 Kb8 19. Kb1 Qf6 20. Bd3 Qh6
21. g3 exf4 22. Qd2 Rge8 23. Rxe8 Rxe8 24. Qxf4 Qxf4 25. gxf4 d5 26. f6 h6 27.
f5 dxc4 28. Bxc4 Be4+ 29. Ka1 Rf8 30. Rg7 Rc8 31. b3 b5 32. Bxb5 Rc5 33. Bc4
Rxf5 34. Rxf7 Bd5 35. Bxd5 Rxd5 36. Re7 1-0

[Event "Quebec-ch"]
[Site "Montreal CAN"]
[Date "1986.06.18"]
[Round "3"]
[White "Barbeau, Sylvain"]
[Black "Dupuis, Stephane"]
[Result "1-0"]
[WhiteElo "2290"]
[BlackElo "2119"]
[PlyCount "125"]
[EventDate "1986.06.16"]
[EventType "tourn"]
[EventRounds "11"]
[EventCountry "CAN"]

1. c4 e5 2. Nc3 Nf6 3. Nf3 Nc6 4. a3 g6 5. e3 Bg7 6. Be2 O-O 7. d3 d6 8. O-O
Be6 9. Rb1 h6 10. b4 Qd7 11. b5 Ne7 12. Qc2 Nh7 13. d4 Bf5 14. Bd3 Bxd3 15.
Qxd3 Qe6 16. e4 f5 17. Bb2 Ng5 18. Nxg5 hxg5 19. Nd5 Nxd5 20. cxd5 Qd7 21. dxe5
Bxe5 22. Bxe5 dxe5 23. Qg3 g4 24. exf5 gxf5 25. Qxe5 Rfe8 26. Qf4 Qxd5 27. Rbd1
Qxb5 28. Qxc7 Rac8 29. Qf4 Re7 30. Rd6 Qe5 31. Rg6+ Kf7 32. Rxg4 Qxf4 33. Rxf4
Kg6 34. h4 Rce8 35. g3 Re1 36. Rxe1 Rxe1+ 37. Kg2 Rb1 38. Rb4 Ra1 39. Rb3 Ra2
40. Kf3 b5 41. Ke3 a5 42. f3 a4 43. Rc3 Rb2 44. Kf4 Rb3 45. Rc6+ Kg7 46. Rb6
Kh7 47. g4 fxg4 48. fxg4 Rxa3 49. Rxb5 Kg6 50. h5+ Kf7 51. Kg5 Ra1 52. Rb7+ Ke6
53. Ra7 a3 54. Kg6 a2 55. g5 Ke5 56. h6 Rb1 57. h7 Rb8 58. Rxa2 Rb6+ 59. Kg7
Rb7+ 60. Kh6 Rb8 61. g6 Kf5 62. Rf2+ Kg4 63. Kg7 1-0

[Event "Quebec-ch"]
[Site "Montreal CAN"]
[Date "1986.06.19"]
[Round "4"]
[White "Barbeau, Sylvain"]
[Black "Williams, Leo"]
[Result "1-0"]
[WhiteElo "2290"]
[BlackElo "2285"]
[PlyCount "81"]
[EventDate "1986.06.16"]
[EventType "tourn"]
[EventRounds "11"]
[EventCountry "CAN"]

1. d4 Nf6 2. Nf3 g6 3. c4 Bg7 4. Nc3 d5 5. cxd5 Nxd5 6. e4 Nxc3 7. bxc3 c5 8.
Bb5+ Nd7 9. a4 O-O 10. O-O Nf6 11. Qd3 Qc7 12. Bg5 Rd8 13. Rfe1 Be6 14. d5 Bg4
15. Bc4 Bxf3 16. Qxf3 Qe5 17. Bd2 Ne8 18. Qe2 g5 19. Bd3 Rd6 20. Rab1 b6 21. c4
Rg6 22. Rb3 g4 23. g3 Nd6 24. Bf4 Qh5 25. e5 Nf5 26. Bxf5 Qxf5 27. Qe4 Qxe4 28.
Rxe4 h5 29. Rb5 Bh6 30. Bxh6 Rxh6 31. Kg2 Kg7 32. h3 Kg6 33. hxg4 h4 34. Rb3
Rah8 35. g5 Kxg5 36. g4 f5 37. exf6 exf6 38. Kh3 R6h7 39. Rf3 Kg6 40. Re6 Rf8
41. a5 1-0

[Event "Quebec-ch"]
[Site "Montreal CAN"]
[Date "1986.06.20"]
[Round "5"]
[White "Spraggett, Grant"]
[Black "Barbeau, Sylvain"]
[Result "0-1"]
[WhiteElo "2175"]
[BlackElo "2290"]
[PlyCount "92"]
[EventDate "1986.06.16"]
[EventType "tourn"]
[EventRounds "11"]
[EventCountry "CAN"]

1. e4 c6 2. d4 d5 3. f3 dxe4 4. fxe4 e5 5. Nf3 Be6 6. c3 Nf6 7. Bd3 Nbd7 8. O-O
Be7 9. Na3 O-O 10. Nc2 Qb6 11. Kh1 Rad8 12. Ne3 h6 13. Qc2 Qc7 14. Nh4 Rfe8 15.
Nhf5 Bf8 16. Ng3 Kh8 17. b3 g6 18. Bb2 Bg7 19. Bc4 Nf8 20. Rad1 Bxc4 21. Nxc4
Ng4 22. Rf3 b5 23. Nxe5 Nxe5 24. dxe5 Rxd1+ 25. Qxd1 Bxe5 26. Qd2 Kh7 27. Bc1
Bg7 28. Qf2 Re7 29. Be3 Ne6 30. Bd4 Rd7 31. Ne2 c5 32. Be3 Kg8 33. Qh4 Rd1+ 34.
Ng1 Ng5 35. Rf2 Qe5 36. Qg4 Rb1 37. Qe2 Nxe4 38. Rf3 Nxc3 39. Qd2 Rd1 40. Qb2
b4 41. Qf2 Ne4 42. Qc2 Qd5 43. Rf4 f5 44. Rf3 Qd3 45. Qxd3 Rxd3 46. h3 Nd2 0-1

[Event "Quebec-ch"]
[Site "Montreal CAN"]
[Date "1986.06.21"]
[Round "6"]
[White "Barbeau, Sylvain"]
[Black "Leveille, Francois"]
[Result "1-0"]
[WhiteElo "2290"]
[BlackElo "2245"]
[PlyCount "71"]
[EventDate "1986.06.16"]
[EventType "tourn"]
[EventRounds "11"]
[EventCountry "CAN"]

1. d4 d5 2. c4 e6 3. Nc3 Be7 4. Nf3 Nf6 5. Bg5 O-O 6. e3 Nbd7 7. Rc1 c6 8. Bd3
dxc4 9. Bxc4 Nd5 10. Bxe7 Qxe7 11. Ne4 N5f6 12. Nxf6+ Qxf6 13. O-O e5 14. d5
Nb6 15. dxc6 bxc6 16. Be2 Rd8 17. Qc2 Bb7 18. Qc3 Qe6 19. b3 f6 20. Rfd1 Rd5
21. Nd2 Rad8 22. Ne4 Qd7 23. Qc2 Qe7 24. Nc5 Bc8 25. b4 f5 26. a3 R8d6 27. e4
Rd4 28. exf5 Nd5 29. Bf3 Nf4 30. g3 Qg5 31. Ne4 Rxd1+ 32. Rxd1 Rxd1+ 33. Qxd1
Nh3+ 34. Kg2 Nf4+ 35. Kh1 Nh3 36. Qb3+ 1-0

[Event "Quebec-ch"]
[Site "Montreal CAN"]
[Date "1986.06.22"]
[Round "7"]
[White "Spraggett, Kevin"]
[Black "Barbeau, Sylvain"]
[Result "1-0"]
[WhiteElo "2535"]
[BlackElo "2290"]
[PlyCount "95"]
[EventDate "1986.06.16"]
[EventType "tourn"]
[EventRounds "11"]
[EventCountry "CAN"]

1. e4 c6 2. c4 d5 3. cxd5 cxd5 4. exd5 Nf6 5. Nc3 Nxd5 6. Nf3 Nc6 7. Bb5 e6 8.
O-O Be7 9. d4 O-O 10. Be3 Bf6 11. Rc1 Nce7 12. Qe2 Bd7 13. Bd3 Bc6 14. Rfd1 Rc8
15. Ne5 g6 16. Bh6 Bg7 17. Bxg7 Kxg7 18. Bb1 Nf6 19. f3 Qd6 20. Rd2 Bd5 21.
Rcd1 Nc6 22. h4 Rfd8 23. Qe3 Qe7 24. Qg5 h6 25. Qe3 a6 26. g3 Rc7 27. Kf2 Rdc8
28. Ne2 Nh5 29. Ng4 Rh8 30. Nc3 Rd7 31. Kg2 f5 32. Ne5 f4 33. Qd3 Nxe5 34. dxe5
Qf7 35. g4 Ng3 36. Nxd5 Rxd5 37. Qc3 Rxd2+ 38. Rxd2 h5 39. g5 Re8 40. Qc4 Re7
41. Rd8 Rc7 42. Qd4 Nf5 43. Qxf4 Qe7 44. Rd6 Rc4 45. Be4 Nxd6 46. exd6 Qd8 47.
Qe5+ Kf7 48. Bxg6+ 1-0

[Event "Quebec-ch"]
[Site "Montreal CAN"]
[Date "1986.06.25"]
[Round "8"]
[White "Barbeau, Sylvain"]
[Black "Kleinplatz, Sam"]
[Result "1-0"]
[WhiteElo "2290"]
[BlackElo "2250"]
[PlyCount "91"]
[EventDate "1986.06.16"]
[EventType "tourn"]
[EventRounds "11"]
[EventCountry "CAN"]

1. Nf3 Nc6 2. d4 d5 3. Bf4 Bg4 4. e3 e6 5. Nbd2 Bd6 6. c3 Bxf4 7. exf4 Qd6 8.
g3 Nf6 9. Bd3 Ne7 10. b4 O-O 11. O-O Ng6 12. Re1 a5 13. a3 Nh5 14. Qc2 axb4 15.
axb4 Nhxf4 16. gxf4 Qxf4 17. Rxa8 Rxa8 18. Bxg6 hxg6 19. Qd3 Qh6 20. Nf1 Ra2
21. Qe3 Bxf3 22. Qxf3 Ra3 23. Qg3 c6 24. Re3 g5 25. Kg2 Ra2 26. Qe5 g4 27. Rg3
f5 28. Re3 f4 29. Qxe6+ Qxe6 30. Rxe6 Kf7 31. Rd6 Rc2 32. Rd7+ Kf6 33. Rxb7
Rxc3 34. b5 cxb5 35. Rxb5 Ke6 36. Nd2 g3 37. hxg3 fxg3 38. Nf3 gxf2 39. Kxf2
Kf5 40. Rb7 g5 41. Re7 g4 42. Ng1 g3+ 43. Kg2 Kg4 44. Ne2 Rc2 45. Re3 Rd2 46.
Rxg3+ 1-0

[Event "Quebec-ch"]
[Site "Montreal CAN"]
[Date "1986.06.26"]
[Round "9"]
[White "Levtchouk, George"]
[Black "Barbeau, Sylvain"]
[Result "1/2-1/2"]
[WhiteElo "2280"]
[BlackElo "2290"]
[PlyCount "73"]
[EventDate "1986.06.16"]
[EventType "tourn"]
[EventRounds "11"]
[EventCountry "CAN"]

1. d4 d5 2. c4 e6 3. Nc3 Be7 4. Nf3 Nf6 5. cxd5 exd5 6. Bg5 O-O 7. e3 Nbd7 8.
Qc2 c6 9. Bd3 Re8 10. O-O Nf8 11. Rab1 Ng6 12. b4 Bd6 13. b5 Bg4 14. Nd2 h6 15.
Bxh6 Bh5 16. Bg5 Bxh2+ 17. Kh1 Bc7 18. g3 Nf8 19. bxc6 bxc6 20. Kg2 Rc8 21. Rh1
Bg6 22. Nf3 Bb8 23. Bxg6 Nxg6 24. Qf5 Qd7 25. Qxd7 Nxd7 26. Rb7 Nb6 27. Bf4
Bxf4 28. gxf4 Re7 29. Rxe7 Nxe7 30. Rb1 f6 31. Rb3 Nf5 32. Ne1 Nd6 33. Nd3 Ndc4
34. Nc5 Kf7 35. N3a4 Ke7 36. Nb2 Nd6 37. Nbd3 1/2-1/2

[Event "Quebec-ch"]
[Site "Montreal CAN"]
[Date "1986.06.29"]
[Round "11"]
[White "Delisle, Claude"]
[Black "Barbeau, Sylvain"]
[Result "0-1"]
[WhiteElo "2055"]
[BlackElo "2290"]
[PlyCount "100"]
[EventDate "1986.06.16"]
[EventType "tourn"]
[EventRounds "11"]
[EventCountry "CAN"]

1. e4 c6 2. d4 d5 3. exd5 cxd5 4. c4 Nf6 5. Nc3 Nc6 6. cxd5 Nxd5 7. Nf3 Bg4 8.
Be2 e6 9. h3 Bh5 10. O-O Be7 11. a3 O-O 12. Ne4 Bg6 13. Bd3 Nf6 14. Nxf6+ Bxf6
15. Be3 Qd5 16. Bxg6 hxg6 17. Qd2 Rfd8 18. Rfd1 Qe4 19. Rac1 Rd5 20. Qc2 Qxc2
21. Rxc2 e5 22. Rcd2 exd4 23. Nxd4 Nxd4 24. Bxd4 Rad8 25. Be3 Rxd2 26. Rxd2
Rxd2 27. Bxd2 Bxb2 28. a4 Bd4 29. Kf1 Kf8 30. Ke2 Ke7 31. Bb4+ Ke6 32. f3 Kd5
33. Kd3 a6 34. Bf8 b5 35. axb5 axb5 36. Ba3 Bc5 37. Bb2 f6 38. g4 g5 39. Bc1 b4
40. f4 gxf4 41. Bxf4 Bd6 42. Bd2 b3 43. h4 Be5 44. h5 b2 45. Kc2 Ke4 46. h6 g6
47. Bb4 f5 48. gxf5 Kxf5 49. Bf8 g5 50. Bg7 Bf6 0-1

[Event "Fievre du Printemps"]
[Site "Montreal CAN"]
[Date "1986.06.05"]
[Round "8"]
[White "Barbeau, Sylvain"]
[Black "Bolduc, Steve"]
[Result "1-0"]
[WhiteElo "2364"]
[BlackElo "2260"]
[PlyCount "65"]
[EventDate "1986.05.12"]
[EventType "tourn"]
[EventRounds "9"]
[EventCountry "CAN"]

1. d4 Nf6 2. Nf3 c5 3. g3 e6 4. Bg2 Nc6 5. O-O Qb6 6. c3 d5 7. dxc5 Bxc5 8. b4
Be7 9. Be3 Qd8 10. b5 Na5 11. Ne5 Bd6 12. Bd4 Qc7 13. f4 Nd7 14. Nd3 b6 15. Nd2
Bb7 16. Bxg7 Rg8 17. Bd4 O-O-O 18. Nf3 f6 19. Nh4 Kb8 20. Rc1 Qc4 21. a4 e5 22.
Nf5 Ba3 23. fxe5 Bxc1 24. Qxc1 fxe5 25. Nxe5 Qxa4 26. Qf4 Ka8 27. Nf7 Qxb5 28.
Nxd8 Rxd8 29. Nd6 Qxe2 30. Nxb7 Kxb7 31. Qg5 Qe8 32. Qxd5+ Ka6 33. Ra1 1-0

[Event "Laval VI"]
[Site "Laval CAN"]
[Date "1986.03.22"]
[Round "3"]
[White "Barbeau, Sylvain"]
[Black "Bolduc, Steve"]
[Result "0-1"]
[WhiteElo "2369"]
[BlackElo "2117"]
[PlyCount "78"]
[EventDate "1986.03.21"]
[EventType "swiss"]
[EventRounds "5"]
[EventCountry "CAN"]

1. Nf3 Nf6 2. g3 d6 3. Bg2 c6 4. O-O e5 5. c4 Nbd7 6. b4 Be7 7. a4 O-O 8. Ba3
e4 9. Nd4 Ne5 10. Qb3 c5 11. Nc2 Be6 12. Ne3 Nc6 13. b5 Nd4 14. Qd1 Qd7 15. Nc3
Bh3 16. Bb2 Rae8 17. d3 Bd8 18. a5 Re5 19. Re1 Bxg2 20. Nxg2 Qh3 21. Nf4 Qh6
22. Nxe4 Nxe4 23. dxe4 Rxe4 24. e3 Rfe8 25. Rf1 Nf5 26. Qd5 Qg5 27. Kh1 h5 28.
Rg1 Qg4 29. Rg2 g6 30. Qd3 h4 31. Qc3 R8e5 32. h3 Qf3 33. g4 Nxe3 34. fxe3 Rxe3
35. Qd2 Qxf4 36. Bxe5 Qxe5 37. Rd1 Bg5 38. Qf2 Rxh3+ 39. Rh2 Rg3 0-1

[Event "Quebec-ch"]
[Site "Montreal CAN"]
[Date "1985.06.17"]
[Round "1"]
[White "Leveille, Francois"]
[Black "Barbeau, Sylvain"]
[Result "1/2-1/2"]
[WhiteElo "2255"]
[BlackElo "2235"]
[PlyCount "53"]
[EventDate "1985.06.17"]
[EventType "tourn"]
[EventRounds "9"]
[EventCountry "CAN"]

1. c4 Nf6 2. Nc3 g6 3. e4 d6 4. d4 Bg7 5. Be2 O-O 6. Bg5 c5 7. d5 e6 8. Nf3 h6
9. Bh4 e5 10. Nd2 Bd7 11. Rb1 a5 12. Nb5 Be8 13. O-O Na6 14. a3 Qe7 15. Kh1 g5
16. Bg3 Kh7 17. Qc2 Kh8 18. Rfe1 Bd7 19. Nf1 b6 20. Ne3 Nxe4 21. Bd3 Nxg3+ 22.
hxg3 Rae8 23. Nf5 Bxf5 24. Bxf5 h5 25. g4 hxg4 26. Qe4 Bf6 27. g3 1/2-1/2

[Event "Quebec-ch"]
[Site "Montreal CAN"]
[Date "1985.06.19"]
[Round "3"]
[White "Pineault, Denis"]
[Black "Barbeau, Sylvain"]
[Result "0-1"]
[WhiteElo "2240"]
[BlackElo "2235"]
[PlyCount "80"]
[EventDate "1985.06.17"]
[EventType "tourn"]
[EventRounds "9"]
[EventCountry "CAN"]

1. e4 e6 2. d3 d5 3. Nd2 c5 4. Ngf3 Nc6 5. c3 Bd6 6. g3 Nge7 7. Bg2 O-O 8. O-O
Rb8 9. a4 a6 10. Re1 f6 11. d4 c4 12. b4 b5 13. Nh4 a5 14. axb5 Rxb5 15. bxa5
Rxa5 16. Rb1 g5 17. Nhf3 Ng6 18. Nf1 Bc7 19. N3d2 Nce7 20. Ne3 Kh8 21. Qh5 Bd7
22. Qe2 Bc6 23. Nc2 Ba4 24. Nb4 Bd7 25. Nf1 Bc8 26. Ne3 Qd7 27. Qf3 f5 28. exd5
exd5 29. Qh5 f4 30. Nf1 Qf5 31. Qh6 Ng8 32. Qh5 fxg3 33. f4 Qxb1 34. Nxd5 Bxf4
35. Be4 Qxe4 36. Rxe4 gxh2+ 37. Nxh2 Rxd5 38. Bxf4 Nxf4 39. Qd1 Nh3+ 40. Kg2
Nf2 0-1

[Event "Quebec-ch"]
[Site "Montreal CAN"]
[Date "1985.06.22"]
[Round "5"]
[White "Alain, Benoit"]
[Black "Barbeau, Sylvain"]
[Result "1/2-1/2"]
[WhiteElo "2200"]
[BlackElo "2235"]
[PlyCount "81"]
[EventDate "1985.06.17"]
[EventType "tourn"]
[EventRounds "9"]
[EventCountry "CAN"]

1. d4 d5 2. Nf3 Bg4 3. Ne5 Bf5 4. c4 f6 5. Nf3 c6 6. Nc3 e6 7. Qb3 Qd7 8. Bf4
Ne7 9. e3 g5 10. Bg3 h5 11. h4 g4 12. Nd2 Bh6 13. Be2 Bh7 14. O-O Nf5 15. cxd5
Nxg3 16. fxg3 Bxe3+ 17. Kh2 Bxd2 18. Rxf6 cxd5 19. Nb5 Bf5 20. Qa3 Nc6 21. Nd6+
Kd8 22. Rf7 Bb4 23. Rxd7+ Kxd7 24. Qb3 Kxd6 25. Rc1 Rhb8 26. Qe3 Kd7 27. Qg5
Be7 28. Qe3 Bf6 29. Bb5 a6 30. Ba4 Rc8 31. Qh6 Ke7 32. Rd1 b5 33. Bb3 Na5 34.
Bxd5 exd5 35. Rf1 Rh8 36. Qf4 Rad8 37. Qxf5 Rd6 38. Re1+ Kf7 39. Rc1 Re8 40.
Rc7+ Kf8 41. Qxh5 1/2-1/2

[Event "Quebec-ch"]
[Site "Montreal CAN"]
[Date "1985.06.23"]
[Round "6"]
[White "Barbeau, Sylvain"]
[Black "Roy, Alain"]
[Result "1-0"]
[WhiteElo "2235"]
[BlackElo "2200"]
[PlyCount "87"]
[EventDate "1985.06.17"]
[EventType "tourn"]
[EventRounds "9"]
[EventCountry "CAN"]

1. c4 e5 2. Nc3 Nc6 3. Nf3 g6 4. d4 exd4 5. Nd5 h6 6. Nxd4 Nf6 7. Nb5 Nxd5 8.
cxd5 a6 9. Nc3 Ne5 10. f4 Ng4 11. e4 d6 12. Be2 Bg7 13. g3 h5 14. h3 Nh6 15.
Be3 c5 16. Qd2 b5 17. a3 Bd7 18. Bf3 Rc8 19. Bg2 Ng8 20. O-O f5 21. Rae1 Kf8
22. Bf2 b4 23. axb4 cxb4 24. Ne2 fxe4 25. Nd4 Bxd4 26. Bxd4 Nf6 27. f5 Bxf5 28.
Qg5 Kf7 29. g4 hxg4 30. hxg4 Rc4 31. Bxf6 Qxf6 32. Qxf6+ Kxf6 33. gxf5 gxf5 34.
Rxe4 Rxe4 35. Bxe4 Rg8+ 36. Bg2 Re8 37. Kf2 Rc8 38. Ke3 Rc2 39. Rxf5+ Kxf5 40.
Be4+ Ke5 41. Bxc2 Kxd5 42. Ba4 Ke5 43. Bb3 d5 44. Kd3 1-0

[Event "Quebec-ch"]
[Site "Montreal CAN"]
[Date "1985.06.25"]
[Round "7"]
[White "Moshopoulos, Angelos"]
[Black "Barbeau, Sylvain"]
[Result "0-1"]
[WhiteElo "2200"]
[BlackElo "2235"]
[PlyCount "44"]
[EventDate "1985.06.17"]
[EventType "tourn"]
[EventRounds "9"]
[EventCountry "CAN"]

1. e4 e6 2. d4 d5 3. Nd2 c5 4. exd5 Qxd5 5. Ngf3 cxd4 6. Bc4 Qd6 7. O-O Nc6 8.
Ne4 Qd8 9. Bg5 Nf6 10. Bb5 Bd7 11. Nxd4 Be7 12. Bxf6 gxf6 13. Nf5 exf5 14. Nd6+
Kf8 15. Nxf7 Kxf7 16. Qh5+ Kg7 17. Rad1 Qe8 18. Qh4 Rd8 19. Be2 Ne5 20. Rfe1
Bc6 21. Bh5 Ng6 22. Qg3 Qf7 0-1

[Event "match Quebec-N.B."]
[Site "Montreal CAN"]
[Date "1985.05.05"]
[Round "3"]
[White "Robichaud, Louis"]
[Black "Barbeau, Sylvain"]
[Result "0-1"]
[WhiteElo "2149"]
[BlackElo "2333"]
[PlyCount "70"]
[EventDate "1985.05.04"]
[EventType "team"]
[EventRounds "4"]
[EventCountry "CAN"]

1. e4 c5 2. Nc3 Nc6 3. g3 g6 4. Bg2 Bg7 5. d3 d6 6. Nge2 e6 7. O-O Nge7 8. Be3
O-O 9. Qd2 Nd4 10. Rae1 Bd7 11. Nd1 Rc8 12. c3 Nxe2+ 13. Rxe2 d5 14. e5 b6 15.
Bg5 Bb5 16. h4 h6 17. Bf4 Kh7 18. Bh3 d4 19. c4 Bc6 20. f3 Nf5 21. Ree1 Rc7 22.
Bg2 Rd7 23. Nf2 Qc7 24. Ng4 h5 25. Nf2 Rfd8 26. Ne4 Ne3 27. Bg5 Bxe4 28. fxe4
Nxf1 29. Rxf1 Bxe5 30. Bxd8 Rxd8 31. Qf2 Kg7 32. g4 hxg4 33. Qe2 Bh2+ 34. Kh1
Bg3 35. Qxg4 Rh8 0-1

[Event "Laval V"]
[Site "Laval CAN"]
[Date "1985.03.31"]
[Round "4"]
[White "Barbeau, Sylvain"]
[Black "Delisle, Claude"]
[Result "1-0"]
[WhiteElo "2333"]
[BlackElo "2063"]
[PlyCount "91"]
[EventDate "1985.03.29"]
[EventType "swiss"]
[EventRounds "5"]
[EventCountry "CAN"]

1. c4 Nf6 2. Nc3 g6 3. e4 d6 4. d4 Bg7 5. Be2 O-O 6. Nf3 e5 7. O-O Nbd7 8. Be3
c6 9. Qc2 Qc7 10. Rad1 Re8 11. Rfe1 Nf8 12. d5 c5 13. Nd2 Re7 14. b4 b6 15. Rb1
Ne8 16. a4 f5 17. f3 f4 18. Bf2 g5 19. a5 Bf6 20. Qa2 Rb8 21. axb6 axb6 22.
bxc5 bxc5 23. Rxb8 Qxb8 24. Nb5 Rg7 25. Ra1 Bb7 26. Qa7 Qd8 27. Qa5 Qd7 28. Nb3
Be7 29. Nxd6 Bxd6 30. Nxc5 Bxc5 31. Qxc5 g4 32. Qb4 Nf6 33. Ra7 Qc8 34. c5 gxf3
35. Bxf3 Kh8 36. Qb6 Ng4 37. Bh4 Nd7 38. Qd8+ Qxd8 39. Bxd8 Nxc5 40. h3 Rd7 41.
Bb6 Nf6 42. Bxc5 Bxd5 43. exd5 e4 44. Rxd7 Nxd7 45. Bd4+ Kg8 46. Bxe4 1-0

[Event "Specialiste-Tch"]
[Site "Montreal CAN"]
[Date "1984.03.01"]
[Round "5"]
[White "Barbeau, Sylvain"]
[Black "Guevremont, Grant"]
[Result "1-0"]
[WhiteElo "2313"]
[BlackElo "2018"]
[PlyCount "61"]
[EventDate "1984.02.02"]
[EventType "team"]
[EventRounds "5"]
[EventCountry "CAN"]

1. c4 e5 2. Nc3 Nf6 3. Nf3 Nc6 4. e3 Bb4 5. Qc2 O-O 6. Nd5 h6 7. a3 Be7 8. Bd3
d6 9. b4 a6 10. Bb2 Be6 11. Nxe7+ Qxe7 12. O-O Bg4 13. h3 Bxf3 14. gxf3 Nh5 15.
Kh2 Qh4 16. Rg1 Ne7 17. Rg2 f5 18. Rag1 f4 19. Be4 Qf6 20. d4 Rae8 21. dxe5
dxe5 22. Rg4 Qd6 23. c5 Qe6 24. Rh4 Ng3 25. fxg3 fxe3 26. Rg4 Rd8 27. Rg2 Nf5
28. Bxf5 Rxf5 29. Re4 Rxf3 30. Rxe5 Qf7 31. Qe4 1-0